[Event "RSA-chT U20A"]
[Site "Boksburg"]
[Date "2018.12.18"]
[Round "5.3"]
[White "Du Preez, Wessel"]
[Black "Moremi, Thato"]
[Result "0-1"]
[WhiteElo "1095"]
[BlackElo "1659"]
[PlyCount "68"]
[EventDate "2018.12.16"]
[EventType "team-tourn"]
[EventRounds "7"]
[EventCountry "RSA"]
[SourceTitle "EXT 2020"]
[Source "ChessBase"]
[SourceDate "2019.10.17"]
[SourceVersion "1"]
[SourceVersionDate "2019.10.17"]
[SourceQuality "1"]
[WhiteTeam "Bojanala Platina U20"]
[BlackTeam "Johannesburg Metro U20"]
[WhiteTeamCountry "RSA"]
[BlackTeamCountry "RSA"]

1. e4 e6 2. Nf3 d5 3. exd5 exd5 4. Nc3 c6 5. d4 Bd6 6. Bd3 Bg4 7. 0-0 Ne7 8. Be3 Qc7 9. g3 h5 10. Be2 Nf5 11. Bd3 Nxe3 12. Re1 h4 13. Rxe3+ Kd8 14. Ne2 hxg3 15. hxg3 Qd7 16. Nf4 Bxf4 17. gxf4 Qd6 18. Qd2 Qh6 19. Kf1 Bxf3 20. Rxf3 Qh1+ 21. Ke2 Qxa1 22. Rg3 Qxb2 23. Rxg7 Qxd4 24. Rxf7 Re8+ 25. Kf3 Qh8 26. Rh7 Qb2 27. Bg6 Re7 28. Rxe7 Kxe7 29. Qe3+ Kd8 30. f5 Qf6 31. Qe8+ Kc7 32. Kf4 Qh4+ 33. Ke5 Nd7+ 34. Ke6 Qf6# 0-1

[Event "RSA-chT U20A"]
[Site "Boksburg"]
[Date "2018.12.17"]
[Round "4.3"]
[White "Mohale, Malema"]
[Black "Du Preez, Wessel"]
[Result "0-1"]
[WhiteElo "1131"]
[BlackElo "1095"]
[PlyCount "44"]
[EventDate "2018.12.16"]
[EventType "team-tourn"]
[EventRounds "7"]
[EventCountry "RSA"]
[SourceTitle "EXT 2020"]
[Source "ChessBase"]
[SourceDate "2019.10.17"]
[SourceVersion "1"]
[SourceVersionDate "2019.10.17"]
[SourceQuality "1"]
[WhiteTeam "Capricorn U20"]
[BlackTeam "Bojanala Platina U20"]
[WhiteTeamCountry "RSA"]
[BlackTeamCountry "RSA"]

1. e4 e5 2. d3 Bc5 3. Nf3 Nc6 4. Be2 Nf6 5. 0-0 d6 6. Nc3 0-0 7. Re1 h6 8. b3 Bg4 9. h3 Bxf3 10. Bxf3 Nd7 11. Bb2 Qh4 12. Qd2 Nd4 13. Bd1 f5 14. Kh1 fxe4 15. Nxe4 Bb6 16. f3 d5 17. Bxd4 Bxd4 18. c3 Bb6 19. c4 dxe4 20. Rxe4 Qg3 21. Rg4 Qf2 22. Qxh6 Qg1# 0-1